Rǧimen jurd̕ico-privado de la reproduccin̤ asistida en Espaą el proceso legal de reformas /

Detalles Bibliográficos
Otros Autores: Da̕z Martn̕ez, Ana
Formato: Desconocido
Lenguaje:español
Publicado: Madrid : Dykinson, 2006
Materias:
Acceso en línea:Texto completo (Vlex)

MARC

LEADER 00000ny a22000003n 4500
005 20110523104518.0
008 060223s2006 sp s 001 0 spa c
017 |a D.L. SE.357-2006 
020 |a 8497728149 
035 |a 1749 
040 |a NoBUC  |d UMA.RE  |d vLex 
080 |a 179.1(460) 
090 |c 142  |d 142 
245 0 0 |a Rǧimen jurd̕ico-privado de la reproduccin̤ asistida en Espaą  |h [Recurso electrn̤ico]  |b el proceso legal de reformas /  |c coordinacin̤ Ana Da̕z Martn̕ez 
256 |a Servicio en ln̕ea 
260 |a Madrid :  |b Dykinson,  |c 2006 
300 |a 213 p. ;  |c 24 cm 
506 1 |a Contenido solo disponible en los productos indicados  |d vLex Global  |d vLex Global (Academic Edition, excluding Law Schools)  |d vLex Global (U.S. Academic Edition, Law Schools)  |d vLex Global (U.S. Academic Edition, excluding Law Schools)  |d vLex Global (Academic Edition, Law Schools) 
650 0 7 |a Persona fs̕ica   |2 Tesauro vLex 
650 0 7 |2 Tesauro vLex  |a Civil 
650 0 7 |2 Tesauro vLex  |a Tčnicas de reproduccin̤ asistida 
700 1 |a Da̕z Martn̕ez, Ana 
740 0 |a vLex Libros (Servicios en ln̕ea) 
856 4 0 |z Texto completo (Vlex)  |u http://vlex.com/source/regimen-juridico-privado-reproduccion-asistida-1749 
942 |c BOOK 
999 0 |a Law  |b Spain